000 01080nam a2200325 a 4500
001 24953
003 CO-ViMGA
008 141112s2004 ck r 000 u spa d
020 _a9789583201530
040 _aCO-ViMGA
_bspa
_cCO-ViMGA
041 _aSPA
082 0 4 _a573.76 M17e
100 1 _aMatsuda, Motoko
_937607
245 1 0 _aLos exploradores de huesos /
_cMotoko Matsuda ; fotografía Naruaki Onishi ; traducción Megumi Kobayashi
250 _a1a ed.
260 _aBogotá :
_bOcéano Travesía,
_c2012
300 _a40 p. : fot. col.
500 _aCon El laboratorio de huesos de Makiko, líder de los huesoexploradores
650 1 4 _aANATOMIA COMPARADA
_937608
650 1 4 _aANATOMIA DE AVES
_937609
650 1 4 _aANATOMIA VETERINARIA
_948850
650 1 4 _aARDILLAS - ANATOMIA E HISTOLOGIA
_937610
650 1 4 _aCONEJOS - ANATOMIA E HISTOLOGIA
_937611
650 1 4 _aDESDE LOS 9 AÑOS
_933
650 1 4 _aESQUELETO HUMANO
_937612
650 1 4 _aHUESOS
_937613
700 1 _aKobayashi, Megumi
_937614
700 1 _aOnishi, Naruaki
_937615
942 _2ddc
_cBK
999 _c2470
_d2470